000 01285nam a2200337 a 4500
001 ebr10442156
003 CaPaEBR
006 m u
007 cr cn|||||||||
008 850305s1985 ilua sb 001 0 eng d
010 _z 84016397
020 _z0226848817 (cloth)
020 _z0226848825 (paper)
020 _z9780226848822
020 _z9780226848907 (e-book)
040 _aCaPaEBR
_cCaPaEBR
035 _a(OCoLC)699510397
050 1 4 _aQB15
_b.H45 1985eb
082 0 4 _a523.1
_219
100 1 _aVan Helden, Albert.
245 1 0 _aMeasuring the universe
_h[electronic resource] :
_bcosmic dimensions from Aristarchus to Halley /
_cAlbert van Helden.
260 _aChicago :
_bUniversity of Chicago Press,
_c1985.
300 _aviii, 203 p. :
_bill.
504 _aIncludes bibliographical references and index.
533 _aElectronic reproduction.
_bPalo Alto, Calif. :
_cebrary,
_d2013.
_nAvailable via World Wide Web.
_nAccess may be limited to ebrary affiliated libraries.
650 0 _aAstronomy
_xHistory.
650 0 _aCosmological distances.
655 7 _aElectronic books.
_2local
710 2 _aebrary, Inc.
856 4 0 _uhttp://site.ebrary.com/lib/rucke/Doc?id=10442156
_zAn electronic book accessible through the World Wide Web; click to view
999 _c135518
_d135518